000 00661nam a22001937a 4500
999 _c170217
_d170217
005 20191212115406.0
010 _aA-435662
020 _c86.00
_a-
035 _aA-435662
037 _bBPPD
082 _a270.33
100 _aخو ا جہ حسن ثا نی ںظا می
245 _aفو ا ءد ا لفو اد
_cخو ا جہ حسن ثا نی ںظا می
246 _aFawaid Ul Fawaid:Sultan Almashaikh (Urdu)
_bby Khawaja Hasan Sani Nizami
260 _aN.Delhi
_c1990 ء
_bUrdu Acedemy
270 _aDelhi Ghata MasjidRoad,Darya Ganj
_bN.Delhi
_k-
_e110002
300 _a1088 ص
_c22 cm(hb)
942 _2ddc
_cUR
_h270.33
_mن ظ ا